Winter Olympic Host Countries Quiz Stats

Quiz Updated Feb 8, 2018

Challenge
Share
Tweet
Embed
Score 0/12 Timer 02:00
11 Plays Today
# of Games Country % Correct
4United States
99.1%
2Canada
97.7%
1Russia
93.2%
3France
89.9%
1South Korea
89.7%
1Germany
87.6%
2Italy
86.1%
2Norway
84.9%
2Japan
83.5%
2Switzerland
80%
2Austria
70.6%
1Yugoslavia
29.4%

You're not logged in!

Compare scores with friends on all Sporcle quizzes.
Sign Up with Email
OR
Log In

You Might Also Like...

Show Comments

Extras

Top Quizzes Today


Score Distribution

Your Account Isn't Verified!

In order to create a playlist on Sporcle, you need to verify the email address you used during registration. Go to your Sporcle Settings to finish the process.

Report this User

Report this user for behavior that violates our Community Guidelines.

Details: